000 00909nam a2200265 i 4500
001 bg
003 BPK
005 20191104143649.0
008 020718s1977 pl a f f |001 0 pol
015 _aPB 1978/1687
040 _aWA N
_cBPK
080 _a514
080 _a(075.8)
100 1 _aOtto, Franciszek
_d(1904-2000).
_eAutor
245 1 0 _aPodręcznik geometrii wykreślnej /
_cFranciszek Otto, Edward Otto.
250 _aWyd. 2 popr.
260 _aWarszawa :
_bPaństwowe Wydaw. Naukowe,
_c1977.
300 _a416 s. :
_bil., wykr. ;
_c24 cm +
_eAnaglify z kolor. okularami ([48] k. : il. kolor.) w obwol.
504 _aIndeks.
655 4 _aPodręczniki akademickie
650 4 _aGeometria wykreślna
700 1 _aOtto, Edward
_d(1908-1986)
_eAutor
856 _uhttp://koha.tu.koszalin.pl/cgi-bin/koha/opac-detail.pl?biblionumber=2025
_yKatalog online BPK
942 _2UKD
_cKS
999 _c2025
_d2025